01006nam a2200241Ia 450000100060000000300090000600800410001504000130005604000130006904100130008210000170009510000290011224500270014124500270016825000110019526000090020626000200021526000490023530000430028450003910032765000150071865000310073314624IT-RoPAU130308s9999 xx 000 0 und d aIT-RoPAU cIT-RoPAU aITALIANO aRicoeur Paul gCodice Aut. SPICS: 2052 aSfida semiologica (La) bSfida semiologica (La) a1a ed. aROMA bArmando Armando c1974 [1° Ed.:1974 - Ed.Ling.Originale:1974] a"360 p. (prefazione: no ; testo: 360)" aIpotesi Globale fenomenologia e Filosofia Analitica fenomenologia ed Ermeneutica Esistenza e Significato Significato e Struttura Sfida della Semiologia Struttura Parola Evento Evento e Senso testo Come Leggere un testo Polisemia e Metafora Metafora e Il Problema Centrale dell'Ermeneutica incontri con Benveniste Lacan e Altri su Linguaggio e inconscio Sintassi Semantica e Pragmatica aSEMIOLOGIA eCodice materia Spics: 3251